000 00633nam a2200217 i 4500
003 DO-SdUEMH
005 20260213143614.0
007 ta
008 260213s2014 dr a|||gr|||| 00| 0 spa d
040 _aDO-SdUEMH
_bspa
_erda
041 _aspa
082 1 4 _mRD
245 _aSeminario Internacional, Gobernanza Universitaria
264 1 _aSanto Domingo, República Dominicana :
_bGrafica Willian, S. R. L.,
_c2014
264 4 _c©2014
300 _a158 páginas :
_bilustraciones ;
_c22 cm.
336 _2rdacontent
_atexto
_btxt
337 _2rdamedia
_asin mediación
_bn
338 _2rdacarrier
_avolumen
_bnc
942 _2ddc
_cBK
_n0
999 _c18386
_d18386